| 000 | 03798nam a22002297a 4500 | ||
|---|---|---|---|
| 003 | DO-CoUTE | ||
| 005 | 20260525170353.0 | ||
| 008 | 260525b dr ||||| |||| 00| 0 spa d | ||
| 040 |
_aDO-CoUTE _bspa _cDO-CoUTE |
||
| 082 | _aRD362.196241R426s22 | ||
| 110 | 1 | _aRepública Dominicana. Ministerio de Educación Superior, Ciencia y Tecnología | |
| 245 | 1 | 0 |
_aSimposio internacional investigación y soluciones científicas en tiempos de crisis. Covid-19 y más allá : _bseguridad alimentaria, salud educación, medioambiente y economía / _cditores Carlos M. Peña, J. Inchaustegui, Modesto Cruz, Leandra Tapia y Francisco Roberto Arias Milla |
| 260 |
_aSanto Domingo : _bMinisterio de Educación Superior Ciencia y Tecnología, _c2023 |
||
| 300 |
_a258 Paginas : _bMinisterio de Educación Superior Ciencia y Tecnología, _c28 cm |
||
| 504 | _aIncluye referencia bibliográfica e índice. | ||
| 505 | _aPresentación Franklin García Fermín - Epidemias: pasado, presente y futuro Genaro Rodríguez Martínez 11 - prólogo 21 - Introducción 23 - Conferencias introductorias del evento: Análisis de red filogenética de genomas de SARS-COVID-2 Peter Forste, Lucy Forster, Colin Renfrew, Michael Forstere y José Sánchez-Borbón 27 - CAPÍTULO I. Generalidades, conceptos, reseña histórica y modelos Carlos MI. Rodríguez Peña 31 - CAPÍTULO II. Salud y biomedicina Modesto A. Cruz, moderador 45 - Herramientas avanzadas, moleculares y otras, en el diagnóstico de enfermedades emergentes: Caso Covid-19 Modesto Cruz, Irene Bosh, Leonardo Santos, María Isabel Veiga - CAPÍTULO III. Prioridades Ambientales para República Dominicana en la pandemia de la Covid-19 y potenciales emergencias de nuevas pandemias Sixto J. Incháustegui, Moderador 68 - CAPÍTULO IV. Educación, modelos predictivos, y economía Leandra Tapia 95 - CAPÍTULO V. Sector agroalimentario-seguridad alimentaria Roberto Arias Milla 102 - CAPITULO IV. Dos años después. Lecciones aprendidas, recomendaciones y conclusiones. Carlos MI. Rodríguez Peña 188 | ||
| 520 | _aEl libro Simposio internacional: investigación y soluciones científicas en tiempo de crisis reúne aportes académicos y científicos presentados en un espacio de diálogo internacional orientado a analizar problemáticas críticas que afectan a la sociedad contemporánea. La obra destaca el papel central de la investigación científica como herramienta fundamental para comprender contextos de crisis —sanitarias, sociales, económicas y ambientales— y para proponer respuestas basadas en evidencia, innovación y cooperación interdisciplinaria. A lo largo del libro se exponen estudios, reflexiones y experiencias de investigadores provenientes de diversas áreas del conocimiento, quienes abordan los desafíos actuales desde enfoques teóricos y prácticos. El simposio funciona como un punto de encuentro para el intercambio de saberes, permitiendo visibilizar soluciones científicas que pueden aplicarse tanto a nivel local como global, fortaleciendo la toma de decisiones informadas en escenarios complejos e inciertos En conjunto, la obra resalta la importancia de la ciencia, la tecnología y la colaboración internacional como pilares para afrontar tiempos de crisis. El título del libro refleja su propósito principal: demostrar que, incluso en contextos adversos, la investigación científica no solo interpreta la realidad, sino que también ofrece alternativas concretas para la resiliencia, el desarrollo sostenible y el bienestar social.<br/><br/>Si lo quieres con un tono más académico, divulgativo o adaptado a un trabajo universitario, dímelo y lo ajustamos | ||
| 650 | 4 | _aPandemia de covid, 19 2020 | |
| 700 | 1 |
_aTapia, Leandra _eCoautora |
|
| 700 | 1 |
_aArias Milla, Francisco _eCoautora |
|
| 942 |
_2ddc _cBK |
||
| 999 |
_c24233 _d24233 |
||